LEADER 01809nas a2200253 i 4500 001 000000258525 003 CaOOAMICUS 005 20231215112551.0 008 180517b1730 xx uu u0 0fre r 013 $a237433 026 $aoude ures i-te avpa (3) 1730 (R) 040 $aSeMil$bita 245 10$aNouvelles pensées sur le systême de M. Descartes, et la maniere d'en déduire les orbites & les aphélies des planètes. Piece qui a remporté le prix proposé par l'Académie royale des sciences pour l'année 1730. Par M. Jean Bernoulli .. 264 1$aA Paris, rue S. Jacques :$bChez Claude Jombert au coin de la ruë des Mathurins, à l'image de Notre-Dame,$c1730. 300 $a[2], 44, [2] p., 1 carta di tav. ripieg. :$bill. calcogr. ;$c4º. 500 $aSegn.: pg1 A-E4 F4(-F4). 650 4$aAstronomia - Opere anteriori al 1900.$0(OLS)http://semarc/subject/26173 700 1 $aBernoulli, Johann,$d<1667-1748>.$0(OLS)http://semarc/name/94938 773 0 $tRecueil des pieces qui ont remporté les prix de l'Academie royale des sciences, depuis leur fondation...$dA Paris, rue S. Jacques : Chez Claude Jombert au coin de la ruë des Mathurins, à l'image de Notre-Dame, 1720-1772.$w()10229 850 $aSeMil 852 $aSeMil$W1$xVenegono$y1$m3W VI 91 FA$j208871$B208871$CSeMilBibl$Z2$F222578 $8I 996 $6245$aNouvelles pensées sur le systême de M. Descartes, et la maniere d'en déduire les orbites & les aphélies des planètes. Piece qui a remporté le prix proposé par l'Académie royale des sciences pour l'année 1730. Par M. Jean Bernoulli ..$9(OLS)http://semarc/title/413471 996 $6264$aA Paris, rue S. Jacques :$bChez Claude Jombert au coin de la ruë des Mathurins, à l'image de Notre-Dame$9(OLS)http://semarc/publisher/55887 LEADER 00994nam a2200217 i 4500 001 000000205058 003 CaOOAMICUS 005 20160823000000.0 008 160823s1815 it u000 u ita u 013 $a183792 026 $aa.di e.s- r-e- ogst (3) 1815 (A) 040 $aSeMil$bita 245 10$aParte prima dei delitti. 300 $a[2], 316, [4] p., [1] c. di tav. ripieg. 500 $aStemma xilogr. sul front. - Contiene : Sezione prima Dei delitti, e delle pene, Sezione seconda Della procedura legale contro i delitti e Appendice di più recenti prescrizioni generali relative alla prima parte del codice dei delitti. 773 0 $tCodice de' delitti e delle gravi trasgressioni politiche.$dVenezia : Per Gio. Pietro Pinelli, 1815.$g1$w()19035 850 $aSeMil 852 $aSeMil$W1$xVenegono$y1$m3L II 70 FA$j155552$B155552$CSeMilBibl$Z2$F212944 $8I 941 1 $a10 961 $aRecupero: Mantegazza 996 $6245$aParte prima dei delitti$9(OLS)http://semarc/title/296886